Metodología de la programación: aplicaciones en Cobol y Pascal

Uloženo v:
Podrobná bibliografie
Hlavní autor: Alcalde Lancharro, Eduardo (Autor)
Médium: Kniha
Jazyk:španělština
Vydáno: Madrid McGraw Hill 1996
Vydání:2a. ed
Edice:Informática de Gestión
Témata:
Tagy: Přidat tag
Žádné tagy, Buďte první, kdo vytvoří štítek k tomuto záznamu!

MARC

LEADER 00000nam a2200000 a 4500
001 UCO7724
003 CL-VaPUC
008 001117e19960000SP |||||||||||||||||spa|d
082 0 4 |a 005.1  |b ALC  |2 21 
100 0 |a Alcalde Lancharro, Eduardo  |e author  |9 452416 
245 1 0 |a Metodología de la programación: aplicaciones en Cobol y Pascal 
250 |a 2a. ed 
300 |a 416 p 
942 |c BK 
945 |d 20001117 00:00:00  |a vberengu 
260 |a Madrid  |b McGraw Hill  |c 1996 
650 0 |a Programas para computadores  |9 260340 
650 0 |a Programación   |9 259316 
650 0 |a Algoritmos de programación   |9 368960 
583 |a last modification  |c 20001117 00:00:00  |k Rodrigo Vera 
490 0 |a Informática de Gestión 
999 |c 292605  |d 292603 
952 |0 0  |1 0  |4 0  |6 005_100000000000000_ALC_1996  |7 0  |8 A  |9 343582  |a BIBING  |b BIBING  |d 2019-11-20  |i 3667820  |o 005.1 ALC 1996  |p 3667820  |r 2024-01-25  |w 2019-11-20  |y BK  |k ING 
952 |0 0  |1 0  |4 0  |6 005_100000000000000_ALC_1996  |7 0  |8 A  |9 343583  |a BIBING  |b BIBING  |d 2019-11-20  |i 3667839  |o 005.1 ALC 1996  |p 3667839  |r 2024-01-25  |w 2019-11-20  |y BK  |k ING 
952 |0 0  |1 0  |4 0  |6 005_100000000000000_ALC_1996  |7 0  |8 A  |9 343584  |a BIBING  |b BIBING  |d 2019-11-20  |i 3667847  |o 005.1 ALC 1996  |p 3667847  |r 2024-01-25  |w 2019-11-20  |y BK  |k ING 
952 |0 0  |1 0  |4 0  |6 005_100000000000000_ALC_1996  |7 0  |8 A  |9 343585  |a BIBING  |b BIBING  |d 2019-11-20  |i 3667855  |o 005.1 ALC 1996  |p 3667855  |r 2024-01-25  |w 2019-11-20  |y BK  |k ING